[Event "Bois Gentil op"]
[Site "Geneve"]
[Date "2016.02.05"]
[Round "4"]
[White "Lesquereux, Nicolas"]
[Black "Suljevic, Elvis"]
[Result "0-1"]
[WhiteElo "1677"]
[BlackElo "1927"]
[PlyCount "130"]
[EventDate "2016.01.15"]
[EventType "swiss"]
[EventRounds "7"]
[EventCountry "SUI"]
[SourceTitle "EXT 2017"]
[Source "ChessBase"]
[SourceDate "2016.10.25"]
[SourceVersion "1"]
[SourceVersionDate "2016.10.25"]
[SourceQuality "1"]

1. e4 c5 2. Bc4 d6 3. c3 Nf6 4. d3 a6 5. Nd2 b5 6. Bb3 Bb7 7. Bc2 e5 8. Nf1 d5 9. Ng3 dxe4 10. dxe4 Qxd1+ 11. Kxd1 Nbd7 12. Nf3 c4 13. h3 Bc5 14. Ke2 h5 15. Ng5 h4 16. Nf5 g6 17. Ne3 Rh5 18. Ng4 Ke7 19. Re1 Ng8 20. Kf1 f6 21. Nf3 Ke6 22. b3 Ne7 23. a4 bxa4 24. b4 Bd6 25. Rxa4 Rc8 26. Be3 Bc7 27. Nd2 f5 28. exf5+ gxf5 29. Nh2 e4 30. f4 Bb6 31. Bxb6 Nxb6 32. Ra3 Kf7 33. Bd1 Rh6 34. Kg1 Rd8 35. Ndf1 Ned5 36. b5 axb5 37. Ra7 Rd7 38. g4 hxg3 39. Nxg3 Nxc3 40. Nxf5 Rg6+ 41. Bg4 Kf8 42. Nf1 b4 43. Kf2 b3 44. N5e3 Rf7 45. f5 Rd6 46. Nd1 Nxd1+ 47. Rxd1 Rxd1 48. Bxd1 Rxf5+ 49. Ke1 Rf7 50. Ne3 Bc8 51. Ra5 Bxh3 52. Rb5 Rf6 53. Kd2 Rd6+ 54. Kc1 Be6 55. Re5 c3 56. Bxb3 Bxb3 57. Rxe4 Rd3 58. Rb4 Rxe3 59. Rxb3 Nd5 60. Rb5 Nf6 61. Rc5 Ke7 62. Kc2 Ne4 63. Rc6 Kd7 64. Rh6 Nd6 65. Rh1 Kc6 0-1

[Event "Bois Gentil op"]
[Site "Geneve"]
[Date "2015.01.09"]
[Round "1"]
[White "Obradovic, Goran"]
[Black "Suljevic, Elvis"]
[Result "0-1"]
[WhiteElo "1773"]
[BlackElo "2018"]
[PlyCount "54"]
[EventDate "2015.01.09"]
[EventType "swiss"]
[EventRounds "7"]
[EventCountry "SUI"]
[SourceTitle "EXT 2016"]
[Source "ChessBase"]
[SourceDate "2015.10.08"]
[SourceVersion "1"]
[SourceVersionDate "2015.10.08"]
[SourceQuality "1"]

1. e4 c5 2. Nf3 e6 3. c3 a6 4. d4 d5 5. e5 cxd4 6. cxd4 Qb6 7. a3 Nc6 8. b4 Nge7 9. Bb2 Bd7 10. Be2 g6 11. 0-0 Bg7 12. Nc3 0-0 13. Rc1 h6 14. Na4 Qa7 15. Nc5 Bc8 16. Kh1 b6 17. Na4 g5 18. g4 Bd7 19. Rg1 f6 20. Bd3 fxe5 21. dxe5 Rf4 22. Rg3 Raf8 23. Nc3 b5 24. Ne2 Rxf3 25. Rxf3 Rxf3 26. Kg2 Qxf2+ 27. Kh1 Rh3 0-1